[Event "Rubinstein mem"]
[Site "Polanica Zdroj"]
[Date "1998.08.26"]
[Round "9"]
[White "Shirov, Alexei"]
[Black "Rublevsky, Sergey"]
[Result "1-0"]
[WhiteElo "2720"]
[BlackElo "2685"]
[Annotator "NN"]
[PlyCount "115"]
[EventDate "1998.08.17"]
[SourceDate "2003.04.06"]

1. e4 {Ribli} 1... c5 2. Nf3 e6 3. d4 cxd4 4. Nxd4 a6 5. Nc3 Qc7 6. Bd3 Nf6 7.
f4 b5 {Ribli: 'Weis hat Entwicklungsvorsprung und Ubergewicht im Zentrum.
Schwarz kann aber anderseits seine Entwicklung in Abhangigkeit vom weisen
Spiel beenden. Ribli.'} (7... Bb4 {Ribli} 8. Bd2 d6 9. Nb3 Nbd7 10. a3 Bxc3 11.
Bxc3 b6 12. Qe2 Bb7 13. O-O-O O-O 14. Rhe1 Rfe8 15. g4 $40 {
1-0 Hall,J-Chuchelov,V/BL2-W 9798 (42)}) 8. e5 {
'!' Ribli.  Ribli: 'Mit diesem Vorstos reist Weis die Initiative an sich.'} (8.
a3 {Ribli} 8... Bb7 9. Qe2 (9. Be3 b4 10. axb4 Bxb4 11. O-O Bxc3 12. bxc3 Bxe4
13. Bxe4 Nxe4 14. f5 Qxc3 15. Qf3 Nd2 16. Bxd2 Qxd4+ 17. Be3 Qd5 18. Qg3 $36 {
1-0 Prandstetter,E-Langner,L/CSR 1992 (41)}) 9... d6 10. Nf3 Nbd7 11. O-O Be7
12. Kh1 O-O 13. Bd2) 8... b4 9. Ne4 Nxe4 (9... Nd5 {Ribli} 10. O-O $14 (10. Qg4
$5)) 10. Bxe4 Bb7 11. Qf3 Nc6 $5 $146 (11... Ra7) 12. Nxc6 (12. Nb3 $2 Nxe5) (
12. Be3 Nxd4 13. Bxd4 Bxe4 14. Qxe4 Rc8 $11) 12... Bxc6 13. Bxc6 Qxc6 (13...
dxc6 $5) (13... dxc6 $5 {Ribli}) 14. Qxc6 dxc6 {Ribli: 'Wir haben eigentlich
eine Endspielstellung. Ware der schwarze b-Bauer auf b5, konnte Schwarz
zufrieden sein. Auf b4 hingegen ist der Bauer schwach und Weis kann die
Stellung mit a3 oder c3 sprengen.'} 15. Ke2 $5 {'+/=!' Ribli.} (15. a3 bxa3 16.
b3 O-O-O (16... Bb4+ $5 17. Ke2 O-O-O 18. Bxa3 Rd2+ 19. Ke3 Bc3 20. Bd6 Rxc2
21. Rxa6 Kb7 22. Ra4 Rxg2 23. Kd3 Bb2 24. Rb4+ Ka6 $11) 17. Bxa3 Bxa3 18. Rxa3
Kb7 19. Ke2 Rd4 20. Ke3 Rhd8 21. Rha1 Rd2 $11 (21... Rd2 {Ribli} 22. Rxa6 Rxc2
$11)) (15. Be3) 15... O-O-O (15... Bc5 16. a3 bxa3 17. b3 $14) 16. Be3 Rd5 (
16... Be7 $1 17. Rhc1 Rd5 18. c3 bxc3 19. Rxc3 Kd7 20. Rac1 Rc8 $14 {Ribli: 'We
is hat die bessere Bauernstruktur, aber Schwarz kann seine Schwachen halten.'})
17. c3 $6 (17. c4 $1 Rd7 (17... bxc3 18. bxc3 $14) 18. a3 a5 19. c5 $1 $40 {
'|^!' Ribli.  Ribli: 'Und der schwarze Damenflugel ist schwach.'}) 17... bxc3
$6 (17... Be7 $142 18. cxb4 Bxb4 19. Rhc1 Kd7 20. Rc4 Be7 $14) 18. bxc3 Rb5 (
18... Be7 19. c4 Rd7 20. Rab1 Rb7 21. Rxb7 Kxb7 22. Rb1+ Kc7 23. Bb6+ Kc8 (
23... Kd7 24. Rd1+ Kc8 25. Kf3 $14) 24. Kf3 $1 $14) 19. Rab1 Be7 20. c4 Rb4 (
20... Rxb1 21. Rxb1 Bd8 $6 {'+/=' Ribli.} (21... Kc7 $14) (21... Kc7 $14 {Ribli
}) 22. Bc5 $1 Bc7 23. Bd6 $1 $16) 21. Rxb4 Bxb4 22. Rb1 a5 23. Bb6 $6 (23. Rb3
$1 Rd8 24. a3 Be7 25. Rb6 Bxa3 (25... Kc7 26. Ra6 Rb8 27. Rxa5 Rb2+ 28. Kd1
Rxg2 29. Ra7+ Kd8 30. Bb6+ Ke8 31. a4 $1 $18 Rxh2 $140 32. a5 h5 33. a6 Ra2 34.
Ra8+ Kd7 35. c5 h4 36. a7 h3 37. Rh8 h2 38. Rxh2 {
Ribli: 'Und der a-Bauer gewinnt die Partie.Ribli.'}) 26. Rxc6+ Kd7 27. Ra6 Bb4
28. Bb6 Rc8 29. Ra7+ Kc6 (29... Ke8 30. Kd3 $18) 30. Bxa5 Bxa5 31. Rxa5 $16) (
23. c5 $2 Rd8 $1 24. Rb3 Rd5) 23... c5 $1 (23... f6 $2 24. c5 $1 fxe5 25. Rb3
exf4 26. a3 $18) 24. a3 Bxa3 25. Bxa5 {Ribli: 'Wir haben eine vollig
symmetrische Bauernstellung, aber der weise Turm ist sehr aktiv.'} 25... Re8 (
25... Bb4 $142 26. Bxb4 cxb4 27. Rxb4 Rd8 $16) 26. Kd2 $1 (26. Ra1 $2 Bb2 $11)
(26. Rb3 $2 Bc1 27. g3 Re7 28. Kd1 Ra7 29. Bb6 (29. Rb5 {Ribli} 29... Be3)
29... Ra1 30. Kc2 Ba3 $11) 26... Re7 {
Ribli: 'Schwarz mochte seinen Turm aktivieren.'} 27. Rb3 Rd7+ 28. Kc2 Bb4 29.
Bxb4 cxb4 30. Rxb4 $16 {Ribli: 'Weis besitzt einen Mehrbauern, aber im
Turmendspiel reicht das nicht immer zum Gewinn aus.'} 30... Rd4 {Ribli: 'Seine
aktive Turmstellung bietet dem Schwarzen gewisse Rettungschancen.'} 31. g3 g5
$2 {Ribli: 'Dieser scheinbar aktive Zug beschleunigt den Verlust..'} (31... h5
$16) 32. Kc3 $1 Re4 33. Kd3 $1 Re1 34. fxg5 {Ribli: 'Der weise g5-Bauer ist
der Stolz der weisen Stellung. Er druckt auf den Konigsflugel.'} (34. c5 {Ribli
} 34... Kc7 35. Kc4 Rh1) 34... Rxe5 35. Rb5 $1 Re1 36. Rb2 $1 $18 {'!' Ribli.}
36... Rf1 37. Ke3 {Ribli: 'Weis bereitet den Zug 38.Re2 vor.'} 37... Re1+ (
37... Kd7 {Ribli} 38. Rb8) 38. Re2 Ra1 39. Rf2 Ra7 40. Rf6 (40. Rf4 $142) (40.
Kf4 $5 Kd8 41. Kg4 $18) 40... Rc7 41. Kd4 Rd7+ 42. Ke5 {
Ribli: 'Weis hat wegen seiner viel aktiveren Figuren gute Gewinnchancen.'}
42... Rc7 43. Rf4 (43. Rh6 $5 $18) 43... Kd8 44. Kf6 Ke8 45. h4 {
Ribli: 'Weis mobilisiert seine Reserven.'} 45... Kf8 46. Rd4 {
Ribli: 'Es droht einzugiges Matt auf d8.'} 46... Ke8 (46... Rc8 {Ribli} 47. Rd7
) 47. g4 Rc6 48. Kg7 {
Ribli: 'Das Eindringen des Konigs entscheidet die Partie.'} 48... e5 $5 49. Re4
Rg6+ $1 (49... Re6 {Ribli} 50. Kxh7 $18) 50. Kxh7 Kf8 51. Rxe5 Rg7+ 52. Kh6
Rg6+ (52... Rg8 53. g6 Rxg6+ 54. Kh5 $18) 53. Kh5 Rg8 {
Ribli: 'Es droht 54...Rh8 Matt!'} (53... Rc6 {Ribli} 54. c5 Kg7 55. g6 fxg6+ (
55... Rxg6 56. Rg5) 56. Kg5) 54. g6 f6 55. g7+ Rxg7 56. Rc5 Rh7+ 57. Kg6 Rxh4
58. Kxf6 1-0

[Event "Olm"]
[Site "Elista"]
[Date "1998.??.??"]
[Round "5"]
[White "Shirov, Alexei"]
[Black "Blatny, Pavel"]
[Result "1-0"]
[WhiteElo "2720"]
[BlackElo "2520"]
[Annotator "Blatny,P"]
[PlyCount "97"]
[EventDate "1998.09.??"]
[SourceDate "2003.04.06"]

1. e4 e5 2. Nf3 Nc6 3. Bb5 a6 4. Ba4 Nf6 5. O-O Be7 6. Re1 b5 7. Bb3 O-O 8. a4
Bb7 9. d3 d6 10. Nbd2 Nd7 11. c3 (11. axb5 axb5 12. Rxa8 Bxa8 13. Nf1 Nc5 14.
Bd5 Ne6 15. Ng3 $14 {Shirov,A-Anand,V/Monaco/1997/}) 11... Nc5 12. Bc2 (12.
axb5 axb5 13. Rxa8 Bxa8 14. Bc2 Ne6 (14... Bf6 15. b4 Ne6 16. Nf1 Bb7 17. Ne3
g6 18. Bb3 Bg7 19. h4 Bc8 20. h5 $1 $40 {Kasparov,G-Short,N/London (m7)/1993})
15. b4 Ng5 16. Bb3 Bf6 17. Nf1 Nxf3+ 18. Qxf3 g6 19. Ne3 Bg5 20. g3 h5 21. h4
Bh6 22. Nd5 Bxc1 {/\Kg7= Zagrebelny,S-Blatny,P/Moscow olm/1994}) 12... Nxa4 13.
Bxa4 bxa4 14. Qxa4 Kh8 $1 {
^^:><Pa6 Heute bin ich uberzeugt, dass diese Fortsetzung starker ist als} (
14... Qc8 $6 {Almasi,Z-Blatny,P/AUT-tch/1998/ was geschah in meiner Partie
gegen Almasi in der Oesterreichischen Staatsliga.}) 15. Nc4 (15. d4 exd4 16.
cxd4 d5 17. e5 Nb4 $132 {Korneev,O-Giorgadze,G/Anibal op/ 1997/}) 15... f5 16.
Ne3 (16. exf5 $6 Rxf5 17. Ne3 Rf4 18. Qb3 Rb8 19. Nd5 Rg4 $13) 16... fxe4 $146
{Erste kritische Entscheidung und Abweichung von der bekannten Partie
Anand-Timman. Meiner Meinung nach soll man die Stellung offenhalten.} (16... f4
17. Nd5 g5 18. h3 h5 (18... Rg8 $5 $132 {Timman}) 19. Qd1 $5 g4 $140 $2 20. Nh2
$1 f3 21. hxg4 hxg4 22. Nxg4 fxg2 23. Kxg2 $18) 17. dxe4 Qe8 $1 (17... Bg5 18.
Nxg5 (18. Nd5 Bxc1 19. Raxc1 Ne7 20. Rcd1 $13) 18... Qxg5 19. Nd5 $14) 18. Nf5
Bd8 {Mit diesem und weiteren zwei Zuegen wollte ich einfach zuviel und wich
daher von eventuellen Ausgleichsfortsetzungen ab.} (18... Qg6 $5 19. Nxe7 Nxe7
20. Qb4 $5 Rab8 (20... Rxf3 $2 21. Qxb7 Raf8 22. Be3 $18) 21. Nxe5 $1 dxe5 22.
Qxe7 Bxe4 23. Qg5 Qxg5 24. Bxg5 Bd3 25. b4 {+/=/= _|_^-}) 19. Bg5 g6 (19... h6
20. Bxd8 Nxd8 21. Qxe8 Rxe8 $14 {_|_}) (19... Bxg5 $5 20. Nxg5 Qg6 (20... Bc8)
21. Nf3 Nd8 $1 {/\Ne6}) 20. Ne3 $1 (20. Bxd8 gxf5 $1 21. Bxc7 Qd7 22. Bb6 Rf6
$1 $44 {/\Rg8,Rh6}) 20... Kg7 $6 (20... Bxg5 $142 $1 21. Nxg5 Qe7 $132 {
/\Nd8-e6-f4,c5}) (20... Rxf3 21. Bxd8 Rf7 (21... Rxe3 $4 22. Bf6+ $18) 22. Bg5
$14 {><f6-g5-h6}) 21. Nd5 Qf7 22. Be3 h6 23. c4 $6 (23. Nd2 $142 Ne7 24. c4 $14
) 23... g5 $1 24. c5 Ne7 (24... g4 25. Nd2 Bg5 26. Qd1 Bxe3 27. fxe3 Kh8 $132 {
/\Qf2-d2}) 25. Nc3 {/\Qb4} 25... Qe6 26. Rad1 $6 (26. cxd6 cxd6 27. Rad1) 26...
Bc6 $1 27. Qc2 (27. Qa3 $2 Rxf3 28. gxf3 Ng6 $40 {/\Qh3,Nh4}) 27... Ng6 $1 {
Wahrend der Partie dachte ich, ich habe eine vielversprechendeQualitatsopfermog
lichkeit versaumt, aber in die Analyse fand ich, dass der Partiezug die besten
Chancen gibt.} (27... Rxf3 28. gxf3 Ng6 29. Kh1 Qh3 30. Qe2 Nh4 31. Rg1 Nxf3
32. Rg2 $16) 28. Nd2 h5 $5 (28... Be7 29. Nf1 dxc5 30. Ng3) 29. cxd6 cxd6 30.
Nf1 h4 31. Qd2 h3 32. Ng3 $1 {In diese Partiephase spielte Alexei einfach
hervorragend und entdeckte auch mit kurzer restlicher Bedenkzeit alle Gefahren.
} (32. Bxg5 hxg2) (32. Qxd6 Qg4 (32... Qc8 33. Ng3 Be7) 33. Ng3 Rf6 34. f3 Rxd6
35. fxg4 Rxd1 36. Rxd1 hxg2 $14) 32... hxg2 33. Qxd6 Qc8 $5 (33... Qxd6 34.
Rxd6 Nh4 (34... Rc8 35. Nf5+ Kh7 36. Ra1 a5 $14) 35. Ra1 (35. Rxc6 Nf3+ 36.
Kxg2 Nxe1+ 37. Kf1 Nd3 $17) 35... Be8 36. Raxa6 Rb8 37. Nf5+ Nxf5 38. exf5 Rxf5
39. Kxg2 Bc7 40. Rd2 $16) (33... Qh3 $4 34. Qxc6 Nh4 35. Qd7+ $18) 34. Nd5 $1 {
Wieder die richtige Entscheidung. Jetzt ist die kritische Stellung entstanden.
Leider spielte meine fehlende Erfahrung mit der "Fischer-Uhr" eine wichtige
Rolle. Statt alles genau durchzurechnen, hat mich Alexei's hangendes Blattchen 
dazu verlockt, schnell "auf Zeit" zu ziehen... Hier aber bekommt jeder 30 sec
pro Zug!} (34. Nf5+ Rxf5 35. exf5 Nh4 $44 36. Nd5 $2 Qxf5 $1 37. Qxc6 Nf3+ $1 (
37... Qh3 38. f4 $1) 38. Kxg2 Qg4+ 39. Kh1 Qh3 40. Bf4 $8 exf4 41. Qb7+ Kf8 $8
(41... Kg6 $2 42. Nxf4+ $1 gxf4 43. Rg1+ $18) 42. Qb4+ Kf7 43. Qb7+ (43. Re7+
Bxe7 44. Qxe7+ Kg8 45. Nf6+ Kh8 46. Rd8+ $8 Rxd8 47. Qxd8+ Kg7 48. Ne8+ Kf7 49.
Nd6+ Kg6 50. Qg8+ Kf6 (50... Kh5 $4 51. Qh7+ Kg4 52. Qd7+ Kh4 53. Nf5+ Kh5 54.
Qh7+ Kg4 55. Nh6+ Kh4 56. Ng8+ Kg4 57. Nf6#) 51. Qd8+ Kg7 (51... Ke5 $2 52.
Nf7+ Ke4 53. Nxg5+ Nxg5 54. Qxg5 $16) (51... Kg6 52. Qg8+ $11) 52. Qe7+ Kh6 53.
Qf6+ Kh7 (53... Kh5 $4 54. Qf7+ $18) 54. Qf7+ Kh8 55. Qf8+ $11) 43... Kf8 $11)
34... Ba4 $2 {Mit richtigem} (34... Nh4 $142 $1 {
ist die Stellung immer noch sehr unklar, z.B.:} 35. Qxe5+ $140 $6 (35. Nf5+
Rxf5 36. exf5 Qxf5 37. Qxc6 Nf3+ 38. Kxg2 Qg4+ 39. Kh1 Qh3 40. Bf4 exf4 41.
Qb7+ Kf8 $11) (35. Re2 $2 Qh3 $1 $19) 35... Kf7 $1 $13) (34... Bxd5 35. Nf5+ $1
(35. Rxd5 Nh4 36. Rc1 Qh3 37. Qd7+ Qxd7 38. Rxd7+ $14) 35... Kh7 36. Rxd5 $18)
35. Nf5+ $1 Rxf5 36. Rc1 $1 Bc2 $2 {Nach diesem Fehler ist alles gelaufen. Ich
ubersah den 38. Zug von Weiss. Ich sollte besser versuchen die Damen zu
tauschen, was gute praktische Rettungschancen bietet.} (36... Qd7 $142 37.
Qxd7+ Bxd7 38. exf5 Nh4 39. Red1 Bxf5 40. f3 Rb8 $1 {+/-/+/= _|_} (40... Nxf3+
41. Kxg2 $16)) 37. exf5 Qxf5 38. Bd2 $1 $18 (38. Bb6 Nh4 39. Re3 $18) 38... Nh4
39. Re3 $1 (39. Qxe5+ Qxe5 40. Rxe5 Nf3+ 41. Kxg2 Nxe5 42. Rxc2 Kg6 $16) 39...
Rc8 (39... Nf3+ 40. Rxf3 Qxf3 41. Bc3 (41. Nc7 Bb3 42. Nxa8 Qxa8 43. Qd7+ Bf7
44. Rc8 $18) 41... Be4 42. Qxe5+ Kf7 43. Re1 $18) 40. Bc3 Kh7 41. Qxe5 Qxe5 42.
Bxe5 Rc5 (42... Bf5 43. Rxc8 Bxc8 44. Bc7 $18) 43. Nb4 Bb6 44. Nxc2 Rxe5 45.
Rxe5 Nf3+ 46. Kxg2 Nxe5 47. Ne3 Nd3 48. Rc6 Bd4 49. b3 1-0

[Event "Olm"]
[Site "Elista"]
[Date "1998.??.??"]
[Round "6"]
[White "Shirov, Alexei"]
[Black "Pelletier, Yannick"]
[Result "1-0"]
[WhiteElo "2720"]
[BlackElo "2525"]
[Annotator "NN"]
[PlyCount "96"]
[EventDate "1998.09.??"]
[SourceDate "2003.04.06"]

1. e4 {Gofshtein,L} 1... c5 2. Nf3 d6 3. d4 cxd4 4. Nxd4 Nf6 5. Nc3 Nc6 6. Bg5
e6 7. Qd2 Be7 8. O-O-O Nxd4 9. Qxd4 a6 10. f4 b5 11. Be2 Bb7 12. Bf3 Rc8 13.
Bxf6 gxf6 14. f5 (14. Kb1 O-O 15. f5 Rc4 16. Qd3 Qc7 17. fxe6 fxe6 18. Ne2 Rc5
19. Nd4 Re5 20. Rhe1 Re8 21. Bg4 Bf8 22. Nf3 Rc5 {
0-1 Ivanov,A-Zamora,J/USA-ch  G1 1997 (33)}) 14... Rc4 (14... Rc5 15. Kb1 Qc7
16. Qd2 h5 17. fxe6 fxe6 18. Ne2 Bf8 19. Nf4 Kf7 20. Qe2 h4 21. Rhf1 Be7 22.
Bh5+ Rcxh5 23. Nxh5 Qc4 24. Qxc4 bxc4 25. Nxf6 $1 $16 {
1-0 Kreiman,B-Mainka,R/Bad Zwesten op 1998 (44)}) 15. Qd3 Qc7 (15... Rg8 16. h4
(16. Ne2 Qa5 17. Kb1 $14) 16... Qc7 17. g4 $14) 16. fxe6 (16. Ne2 {Gofshtein,L}
16... Qc5 17. Kb1 Qe5 18. Nd4 Bd8 19. Rhf1 Rg8 20. g3 Bb6 21. c3 $132) 16...
fxe6 17. Ne2 {The knight will have better prospects on the square, from which
it will attack the critical point of black's pawn structure- pawn e6.} (17. Bg4
Bc8 $1 (17... f5 18. Bh5+ Kf8 19. exf5 b4 20. Be2 Bg5+ 21. Kb1 Rf4 22. g3 Rxf5
23. Ne4 d5 24. Nxg5 Rxg5 25. Qd2 $16) 18. Bh5+ Kd8 $13) 17... Qc5 18. Kb1 Qe5 (
18... Qg5 {Gofshtein,L} 19. Nd4 Qe5 $132) 19. Nd4 h5 (19... Rg8 20. Rhe1 Kd7
21. g3 $14) 20. Rhe1 Kd7 {'+/-?' Gofshtein,L.} (20... Rg8 {Gofshtein,L} 21. g3
Bf8 22. Bg2 Rc7 (22... h4 23. Bh3 hxg3 24. Nf3 Qh5 25. Bxe6 $16) 23. Bh3 Bc8
24. Nf3 Qc5 25. Nd4 Qe5 $132) (20... Bf8 {Gofshtein,L} 21. g3 Bg7 22. Nf5 $1
$16) 21. g3 Rg8 (21... Bd8 22. Bg2 Ba5 23. Nf3 Qc5 24. Re2 $14) 22. Bg2 Rg4 $2
{Pelletier has a good idea of pressing against e4 pawn, but white can dance
around with the knight and disturb the coordination of enemy's pieces.} (22...
Bd8 23. Bh3 Re8 24. Nf3 Qc5 25. Nd2 Rb4 26. a3 Ra4 27. Bg2 $14) 23. Nf3 (23.
Bh3 Bxe4 24. Qe3 (24. Bxg4 Bxd3 25. Rxe5 hxg4 (25... fxe5 26. Bxe6+ Ke8 27.
Bxc4 $18) 26. Re3 Rxd4 27. cxd3 f5 $11) 24... f5 $5 (24... Rxd4 25. Rxd4 Bxc2+
26. Kxc2 Rxd4 27. Bxe6+ Kd8 (27... Kxe6 28. Qb3+ Rc4+ 29. Kd1 d5 30. Rxe5+ fxe5
$13) 28. Qc3 Qc5 $11) 25. Bxg4 hxg4 $15) 23... Qc5 24. Nd2 Ra4 (24... Rd4 $2
25. Nb3 $18) (24... Rb4 25. a3 Ra4 26. Bh3 $18) 25. Bh3 Rg5 (25... Rg8 26. Qb3
$18 {xe6}) 26. Nf3 $1 (26. Qb3 Re5 27. Nf3 Raxe4 28. Nxe5+ Qxe5 29. Rxe4 Bxe4
$16) 26... Rg7 27. Nd4 Rxd4 {'+-?' Gofshtein,L.  Admitting the defeat, but
losing the nerve center on e6 would be even worse.} (27... Rg4 28. Bxg4 hxg4
29. Nb3 Qe5 30. Nd2 $16) (27... Rg4 $142 {Gofshtein,L}) 28. Qxd4 Qxd4 29. Rxd4
Rg5 30. a4 $1 Re5 (30... bxa4 31. Rxa4 Re5 32. Bg2 $16) 31. axb5 axb5 32. Bg2
f5 33. Kc1 $1 d5 (33... fxe4 34. Bxe4 d5 35. Kd1 $18) 34. Kd1 {
The rook on e1 is supported and white pieces are now well coordinated.} 34...
Bf6 (34... fxe4 35. Bxe4 Bf6 36. Rf1 $1 Ke7 37. Bd3 $18) 35. Rd3 fxe4 36. Bxe4
(36. Rxe4 Rxe4 37. Bxe4 Bxb2 38. Bf3 $18) 36... b4 37. Rf3 Ke7 38. Ref1 (38.
Bg6 Rg5 (38... Rxe1+ 39. Kxe1 h4 40. Rb3 $18) 39. Bf5 e5 40. Bh3 $16) 38...
dxe4 39. Rxf6 Ba6 40. Rf7+ Kd6 (40... Ke8 41. R1f4 e3 42. Ra7 (42. Rf8+ Ke7 43.
R4f7+ Kd6 44. Rd8+ Kc6 $16) 42... Ra5 43. Rxa6 Rxa6 44. Rxb4 $18) 41. R1f4 e3 (
41... Rd5+ 42. Ke1 Ke5 43. Re7 e3 (43... Ra5 44. Kd2 $1) 44. Rxb4 (44. Rh7 $6
Rd2 45. Rxh5+ Kd6 46. Rxb4 Re2+ 47. Kd1 Rd2+ 48. Kc1 Be2 $19) 44... Ra5 45. Rd7
$18) 42. Rxb4 Ra5 (42... e2+ 43. Ke1 Ra5 44. Rb6+ Kc5 45. Rxa6 Rxa6 46. Kxe2
$18) 43. Rb6+ Ke5 44. Rxa6 $1 {
A nice tactical meassure, white transposes in to clearly won rook endgame.}
44... Rxa6 45. Ke2 Rc6 (45... Rb6 46. b3 Rc6 47. c4 Rb6 48. Rf3 $1 $18) 46. c3
Rb6 47. b4 Rc6 48. Rf3 $1 Kd5 (48... Rxc3 49. Rxe3+ Rxe3+ 50. Kxe3 $18) (48...
Kd5 49. Kd3 e2 50. Re3 $18) 1-0

[Event "Match"]
[Site "Ostrava"]
[Date "1998.??.??"]
[Round "?"]
[White "Shirov, Alexei"]
[Black "Hracek, Zbynek"]
[Result "1-0"]
[WhiteElo "2720"]
[BlackElo "2615"]
[Annotator "NN"]
[PlyCount "93"]
[EventDate "1998.11.14"]
[SourceDate "2003.04.06"]

1. e4 {Lukacs} 1... c6 2. d4 d5 3. e5 Bf5 4. Nc3 Qb6 {
Lukacs: 'Can't be good, can't be good.'} 5. Nf3 e6 6. Be2 Nd7 7. O-O Ne7 8. b3
a6 $5 $146 (8... c5 {Lukacs See Shirov-Hracek, Ostrava (mc) 1998 CBM 68}) 9.
Na4 (9. Ba3 $2 {Lukacs} 9... Qa5 10. Na4 b5) 9... Qc7 10. c4 {Lukacs: 'Black's
position doesn't seem healthy, and it is not advisable to play this passive
line against a phantastic attacking player like Shirov!'} (10. Ba3 {Lukacs}
10... Ng6) 10... b5 (10... h6 {Lukacs} 11. c5 $16) 11. Nc3 bxc4 12. bxc4 dxc4
13. Bxc4 Nd5 (13... c5 $2 {Lukacs} 14. d5 $18) (13... Nb6 {Lukacs} 14. Bb3 Ned5
(14... c5 $2 {Lukacs} 15. dxc5 Qxc5 16. Na4 $18) 15. Na4 $14) 14. Bd2 N7b6 (
14... Be7 $5) (14... Nxc3 {Lukacs} 15. Bxc3 Be7 16. Qd2 Nb6 17. Bb3 $14) 15.
Bb3 Nxc3 (15... Be7 $5 16. Rc1 Qd7) 16. Bxc3 Nd5 (16... Be7 $2 {Lukacs} 17. Ba5
$1 $16) (16... c5 $2 {Lukacs} 17. Ba5 $16) 17. Bd2 $1 Be7 18. Rc1 O-O 19. Bxd5
$1 {Lukacs: 'After this strategically good exchange the Black's P structure
with the backward c P becomes vulnerable.'} (19. Ba4 c5 (19... Rfc8 $5 20. Bxc6
Qxc6 21. Rxc6 Rxc6 $44) 20. dxc5 Bd3 (20... Bxc5 21. Nd4 $1) (20... Bxc5 {
Lukacs}) 21. Re1 Bxc5 $13) 19... exd5 20. Qa4 Rfc8 $1 (20... Bd3 21. Rfe1 $1 (
21. Rxc6 $2 Qb7) 21... Bb5 (21... Bc4 22. Bb4) 22. Qc2 $14) 21. Bb4 {
'+/-' Lukacs.} 21... Bd8 (21... Bxb4 {Lukacs} 22. Qxb4 $16 {is a good exchange
for White from strategical point of view, because Black remains with his bad B
against the good N and the weaknesses on the dark squares begin to tell.}) 22.
Rc3 $14 (22. Nd2 {Lukacs allows the activization of the B :} 22... Bd3) 22...
Qb6 (22... Qb7 $142) 23. Rfc1 (23. Bd6 {Lukacs} 23... Qb5 24. Qa3) 23... Qb5
24. Qa3 Qb7 25. Bd6 {'!' Lukacs.} (25. Ba5 {Lukacs is certainly met by} 25...
Be7 {avoiding the exchange of the dark-squared B.}) (25. Nd2 {
Lukacs allows the nasty pin after} 25... Bg5) 25... a5 $1 26. Rb3 {'!' Lukacs.}
(26. Qa4 {Lukacs} 26... Qb5) 26... Qa6 27. Be7 {
Lukacs: 'chasing the B all the time!'} 27... a4 28. Rb2 $1 (28. Re3 Bb6) (28.
Rbc3 Ba5) 28... Bc7 (28... Bb6 $1) 29. h3 {Lukacs: 'This is a healthy
prophilaction securing the white K against back rank motifs.'} 29... Rab8 $6 (
29... h6 $5) 30. Rxb8 Bxb8 31. Bd6 Ba7 32. Bc5 $1 Bb8 {
Lukacs: 'no exchange, please!'} 33. Bd6 Ba7 34. Bc5 Bb8 35. Nh4 $1 {
'+-!' Lukacs.} 35... Be4 36. f3 Bd3 $6 (36... Bg6 37. Nxg6 hxg6 38. Rb1 Bc7 $14
) 37. Rd1 Bc2 $6 38. Rd2 $16 Bb1 (38... Qc4 39. Qb2 Bd3 40. Qb7 Rd8 (40... Qa6
41. Qd7 $1 Bg6 42. Nxg6 hxg6 43. Rb2 Bc7 44. Rb4 $18) 41. Qe7 Rc8 42. Kh2 $1 (
42. Qd7 $2 Qc1+ 43. Kh2 Ba6) 42... Qc3 43. Rxd3 Qxd3 44. Qd7 Qa6 45. Nf5 $18) (
38... Bg6 $16) 39. Rb2 Bd3 (39... Qd3 {
Lukacs leaves the seventh rank unattended:} 40. Qxd3 Bxd3 41. Rb7 Ba6 42. Rd7)
40. Rb4 $1 $18 Bb5 {Lukacs: 'Finally the B has left the b1-h7 /^, after which
the N penetrates on f5 with a great effect.'} (40... g5 41. Rxa4 Qb5 42. Rb4)
41. Nf5 {'!' Lukacs.} 41... Re8 42. Qe3 h6 (42... Qb7 43. Qg5 f6 44. Rxb5 {
'!' Lukacs.} (44. exf6 $2 {Lukacs} 44... Re1+ 45. Kf2 Re2+) 44... cxb5 45. exf6
) 43. Qf4 Qb7 (43... Kh7 {Lukacs} 44. Nxh6 $1) (43... Kh8 {Lukacs} 44. Qg4 Rg8
45. Qh5) 44. Qg4 f6 45. Qg6 Qd7 {Lukacs: '#'} 46. Rxb5 cxb5 47. exf6 1-0